Guardianes "La dinastía"

Uloženo v:
Podrobná bibliografie
Hlavní autor: Millett, Richard
Médium: Text
Vydáno: San José: EDUCA
Tagy: Přidat tag
Žádné tagy, Buďte první, kdo vytvoří štítek k tomuto záznamu!

MARC

LEADER 00000 a a2200000 04500
001 24946
003
040
020 |a 84-8360-007-2  
090 |a 175900  
100 |a Millett, Richard  
245 |a Guardianes "La dinastía"  
260 |a San José:   |b EDUCA  
300 |a 344 p.  
999 |c 11026  |d 11026